00275nam a2200109Ia 4500008004100000100002100041245002500062260004700087300000900134942000700143999001500150190216s9999||||xx |||||||||||||| ||und|| aGoel & Gupta 0aPractical Accounting bPublications Division Govt. Of Indiac1975 a576p cBK c4318d4318